Sensible U.S. Airport Codes - Statistics

General Stats
  • This quiz has been taken 15,411 times
  • The average score is 32 of 45
Answer Stats
Hint Answer % Correct
ATL Atlanta, GA
98%
SEA Seattle, WA
94%
BOS Boston, MA
92%
DEN Denver, CO
92%
CLE Cleveland, OH
91%
BUF Buffalo, NY
90%
OAK Oakland, CA
90%
IND Indianapolis, IN
89%
MIA Miami, FL
89%
OMA Omaha, NE
89%
PIT Pittsburgh, PA
89%
MEM Memphis, TN
87%
JAC Jackson Hole, WY
86%
LAS Las Vegas, NV
86%
BOI Boise, ID
85%
DAY Dayton, OH
85%
LEX Lexington, KY
83%
AUG Augusta, ME
82%
EUG Eugene, OR
80%
SAN San Diego, CA
80%
ANC Anchorage, AK
79%
TUL Tulsa, OK
77%
SYR Syracuse, NY
74%
ALB Albany, NY
73%
AUS Austin, TX
73%
STL St. Louis, MO
72%
TOL Toledo, OH
71%
BIS Bismarck, ND
65%
SAV Savannah, GA
65%
ROC Rochester, NY
61%
ELP El Paso, TX
59%
MOB Mobile, AL
59%
RIC Richmond, VA
59%
FAR Fargo, ND
55%
FAY Fayetteville, NC
55%
BIL Billings, MT
54%
FAI Fairbanks, AK
54%
MYR Myrtle Beach, SC
53%
ROA Roanoke, VA
51%
LIT Little Rock, AR
47%
ERI Erie, PA
40%
BUR Burbank, CA
36%
AMA Amarillo, TX
35%
CHA Chattanooga, TN
30%
RAP Rapid City, SD
21%
No matching quizzes found
Score Distribution
Percent of People with Each Score
Percentile by Number Answered
Your Score History
You have not taken this quiz